[Event "ENCI Limburg-open B"]
[Site "Maastricht"]
[Date "2008.05.10"]
[Round "2"]
[White "Schmitz, Martin"]
[Black "Pietz, Helmut"]
[Result "1/2-1/2"]
[WhiteElo "1847"]
[BlackElo "1715"]
[PlyCount "79"]
[EventDate "2008.05.09"]
[EventType "swiss"]
[EventRounds "7"]
[EventCountry "NED"]
[Source "P.Boonen"]
[SourceDate "2010.01.01"]

1. e4 e5 2. Bc4 d6 3. c3 Nf6 4. d4 exd4 5. Qxd4 Nc6 6. Bb5 Bd7 7. Bxc6 Bxc6 8.
Bg5 Be7 9. f3 O-O 10. Ne2 h6 11. Bh4 Bb5 12. c4 Ba6 13. Nbc3 c5 14. Qd3 Qa5 15.
O-O Rad8 16. Be1 Qc7 17. Nf4 Qd7 18. Rd1 b6 19. Ncd5 g5 20. Nxe7+ Qxe7 21. Nd5
Nxd5 22. exd5 Rfe8 23. b3 Qe3+ 24. Bf2 Qxd3 25. Rxd3 Re2 26. a4 f5 27. Re1 Rde8
28. Rxe2 Rxe2 29. Kf1 Re8 30. g3 Kf7 31. Be3 Bc8 32. Kf2 Bd7 33. Rd1 Kf6 34. h4
a6 35. Rh1 Kg6 36. Bd2 a5 37. f4 g4 38. Bc3 h5 39. Re1 Rxe1 40. Kxe1 1/2-1/2

[Event "ENCI Limburg-open B"]
[Site "Maastricht"]
[Date "2008.05.10"]
[Round "2"]
[White "Schrijvers, Kees"]
[Black "Cox, Maud"]
[Result "1-0"]
[WhiteElo "1655"]
[BlackElo "1295"]
[PlyCount "71"]
[EventDate "2008.05.09"]
[EventType "swiss"]
[EventRounds "7"]
[EventCountry "NED"]
[Source "P.Boonen"]
[SourceDate "2010.01.01"]

1. d4 d5 2. Nf3 Nc6 3. c4 Bg4 4. e3 Nf6 5. Be2 Bxf3 6. Bxf3 e5 7. dxe5 Nxe5 8.
Bxd5 Nxd5 9. cxd5 Bb4+ 10. Nc3 O-O 11. O-O Bxc3 12. bxc3 Qd6 13. a4 Nc4 14. Qd4
Qa6 15. Qf4 Nd6 16. e4 Rfe8 17. Re1 Re7 18. e5 f6 19. e6 Rf8 20. Ba3 Rd8 21. h3
Ree8 22. Bxd6 Qxd6 23. Qxd6 Rxd6 24. Red1 Kf8 25. c4 c5 26. g4 h6 27. f4 g6 28.
f5 gxf5 29. gxf5 Ke7 30. Rab1 Rb8 31. Rd2 a5 32. Rdb2 b6 33. Rg2 h5 34. Rg7+
Kf8 35. Rf7+ Ke8 36. Rb2 1-0

[Event "ENCI Limburg-open B"]
[Site "Maastricht"]
[Date "2008.05.10"]
[Round "2"]
[White "Smeets, Wouter"]
[Black "Krug, Franz Dieter"]
[Result "1-0"]
[WhiteElo "1761"]
[BlackElo "1457"]
[PlyCount "63"]
[EventDate "2008.05.09"]
[EventType "swiss"]
[EventRounds "7"]
[EventCountry "NED"]
[Source "P.Boonen"]
[SourceDate "2010.01.01"]

1. c4 e5 2. g3 Nf6 3. Bg2 Be7 4. Nc3 O-O 5. Nf3 d6 6. O-O c6 7. d4 exd4 8. Qxd4
c5 9. Qd2 a6 10. b3 Nbd7 11. Bb2 Nb6 12. e4 Qc7 13. Rfe1 Bg4 14. h3 Bxf3 15.
Bxf3 Nbd7 16. Rad1 Ne5 17. Bg2 h6 18. f4 Ng6 19. Nd5 Nxd5 20. Qxd5 b5 21. Rd2
Rad8 22. Bf3 Nh8 23. h4 Qc8 24. f5 Qa8 25. Qd3 bxc4 26. Qxc4 Qb7 27. Kg2 Kh7
28. e5 Qb6 29. f6 gxf6 30. exf6 d5 31. Qd3+ Kg8 32. fxe7 1-0

[Event "ENCI Limburg-open B"]
[Site "Maastricht"]
[Date "2008.05.10"]
[Round "2"]
[White "Springelkamp, Gerdien"]
[Black "Van Delft, Karel"]
[Result "0-1"]
[WhiteElo "1096"]
[BlackElo "1641"]
[PlyCount "48"]
[EventDate "2008.05.09"]
[EventType "swiss"]
[EventRounds "7"]
[EventCountry "NED"]
[Source "P.Boonen"]
[SourceDate "2010.01.01"]

1. e4 c6 2. Nf3 d5 3. Nc3 d4 4. Na4 b5 5. Nc5 e6 6. b4 Nf6 7. Bb2 Bxc5 8. bxc5
O-O 9. Bxd4 Nxe4 10. Bd3 f5 11. O-O Nd7 12. a4 Nexc5 13. Be2 Nxa4 14. c4 a6 15.
cxb5 cxb5 16. Be3 Bb7 17. Nd4 Qf6 18. Qb3 Bd5 19. Qc2 f4 20. Bf3 fxe3 21. fxe3
Bxf3 22. Rxf3 Qe5 23. Rxf8+ Rxf8 24. Nc6 Qxa1+ 0-1

[Event "ENCI Limburg-open B"]
[Site "Maastricht"]
[Date "2008.05.10"]
[Round "2"]
[White "Sterck, Arno"]
[Black "Bokern, Peter"]
[Result "0-1"]
[WhiteElo "1133"]
[BlackElo "1378"]
[PlyCount "56"]
[EventDate "2008.05.09"]
[EventType "swiss"]
[EventRounds "7"]
[EventCountry "NED"]
[Source "P.Boonen"]
[SourceDate "2010.01.01"]

1. e4 c5 2. Nf3 d6 3. d4 cxd4 4. Nxd4 Nf6 5. Nc3 g6 6. Bc4 Bg7 7. O-O O-O 8. h3
Nc6 9. Nf3 h5 10. Bf4 Re8 11. Bb5 Bd7 12. Bxc6 bxc6 13. Qd2 Be6 14. Bh6 Bh8 15.
Nd4 {In werkelijkheid werd hier gespeeld: 15.Ng5 Kh7 (onreglementair) 16.Nxe6
fxe6 17.Qg5 en verder zoals genoteerd.} Kh7 16. Nxe6 fxe6 17. Qg5 Ng8 18. Rad1
Nxh6 19. Rfe1 Bf6 20. Qf4 Rf8 21. Qf3 Qb6 22. Na4 Qb5 23. Nc3 Qxb2 24. Rb1 Qxc3
25. Qxc3 Bxc3 26. Re3 Bd4 27. Re2 Rf7 28. Rd2 Bc5 0-1

[Event "ENCI Limburg-open B"]
[Site "Maastricht"]
[Date "2008.05.10"]
[Round "2"]
[White "Strolenberg, Lars"]
[Black "Herzet, Serge"]
[Result "0-1"]
[WhiteElo "1539"]
[BlackElo "1856"]
[PlyCount "42"]
[EventDate "2008.05.09"]
[EventType "swiss"]
[EventRounds "7"]
[EventCountry "NED"]
[Source "P.Boonen"]
[SourceDate "2010.01.01"]

1. e4 g6 2. d4 Bg7 3. Nf3 d6 4. Bc4 e6 5. O-O Ne7 6. e5 O-O 7. Bg5 h6 8. Bh4
Qd7 9. Bxe7 Qxe7 10. Nc3 Nc6 11. Re1 b6 12. Bb5 Bb7 13. Qd2 dxe5 14. Bxc6 Bxc6
15. Nxe5 Bb7 16. d5 Rad8 17. Qf4 Bxd5 18. Nxd5 Rxd5 19. Nc6 Qd7 20. Ne5 Qd6 21.
Nd3 Rxd3 0-1

[Event "ENCI Limburg-open B"]
[Site "Maastricht"]
[Date "2008.05.10"]
[Round "2"]
[White "Student, Martin"]
[Black "Schoffelen, Jan"]
[Result "1-0"]
[WhiteElo "1713"]
[BlackElo "1439"]
[PlyCount "37"]
[EventDate "2008.05.09"]
[EventType "swiss"]
[EventRounds "7"]
[EventCountry "NED"]
[Source "P.Boonen"]
[SourceDate "2010.01.01"]

1. e4 e5 2. Nf3 Nf6 3. Nc3 Nc6 4. d4 exd4 5. Nxd4 Nxd4 6. Qxd4 d6 7. e5 c5 8.
Qf4 Qe7 9. Be2 Ng8 10. Nd5 Qd8 11. Bc4 Nh6 12. Qf3 a6 13. Bxh6 gxh6 14. Nf6+
Ke7 15. O-O-O Be6 16. exd6+ Qxd6 17. Rxd6 Kxd6 18. Bxe6 fxe6 19. Rd1+ 1-0

[Event "ENCI Limburg-open B"]
[Site "Maastricht"]
[Date "2008.05.10"]
[Round "2"]
[White "Tran, Long"]
[Black "Lombaers, Peter"]
[Result "0-1"]
[WhiteElo "1845"]
[BlackElo "1663"]
[PlyCount "91"]
[EventDate "2008.05.09"]
[EventType "swiss"]
[EventRounds "7"]
[EventCountry "NED"]
[Source "P.Boonen"]
[SourceDate "2010.01.01"]

1. d4 d5 2. c4 e5 3. e3 exd4 4. exd4 Nf6 5. Bg5 Be7 6. Nc3 O-O 7. Bxf6 Bxf6 8.
Nxd5 Re8+ 9. Be2 c5 10. Nf3 Bxd4 11. Nxd4 cxd4 12. O-O Nc6 13. Re1 Bf5 14. Qd2
Qd6 15. f4 Be4 16. Bf3 f5 17. Rad1 Rad8 18. Qf2 b5 19. cxb5 Qxd5 20. bxc6 d3
21. Rd2 Qxa2 22. c7 Rc8 23. Rc1 Qa5 24. b4 Qxb4 25. Bh5 Re7 26. Rb2 Qd6 27.
Qxa7 g6 28. Rb8 Ree8 29. Rxc8 Rxc8 30. Bd1 Kg7 31. Qa1+ Kh6 32. Qe5 Qb6+ 33.
Kf1 Qe3 34. Ra1 Qd2 35. Bf3 Bxf3 36. gxf3 Qxh2 37. Ke1 Qc2 38. Rd1 Rxc7 39.
Rxd3 Rb7 40. Rd2 Rb1+ 41. Ke2 Qc4+ 42. Rd3 Qc1 43. Rd2 Qf1+ 44. Ke3 Re1+ 45.
Kd4 Rxe5 46. fxe5 0-1

[Event "ENCI Limburg-open B"]
[Site "Maastricht"]
[Date "2008.05.10"]
[Round "2"]
[White "Uiterwijk, Jos"]
[Black "Van Meegen, Henk"]
[Result "1-0"]
[WhiteElo "1691"]
[BlackElo "1403"]
[PlyCount "83"]
[EventDate "2008.05.09"]
[EventType "swiss"]
[EventRounds "7"]
[EventCountry "NED"]
[Source "P.Boonen"]
[SourceDate "2010.01.01"]

1. e4 c5 2. Nf3 d6 3. d4 cxd4 4. Nxd4 Nf6 5. Nc3 g6 6. Be2 Bg7 7. Be3 Bd7 8.
O-O O-O 9. f4 Nc6 10. Bf3 Qc8 11. f5 Ne5 12. h3 Nc4 13. Bc1 Qc5 14. Kh1 Nxe4
15. Nxe4 Qxd4 16. Qxd4 Bxd4 17. c3 Be3 18. b3 Bxc1 19. bxc4 Bf4 20. f6 e6 21.
Rad1 Bc6 22. Nxd6 Bxf3 23. Rxf3 Bxd6 24. Rxd6 Rfd8 25. Rfd3 Rxd6 26. Rxd6 h5
27. Rd7 b6 28. Rc7 Kh7 29. Rxf7+ Kh6 30. Re7 Kg5 31. Rxe6 Rf8 32. Re7 Rxf6 33.
Rxa7 Kf4 34. Kh2 Ke3 35. Ra6 Kd3 36. c5 Rc6 37. cxb6 Kxc3 38. b7 Rxa6 39. b8=Q
Rxa2 40. Qg8 Rb2 41. Qxg6 h4 42. Qf6+ 1-0

[Event "ENCI Limburg-open B"]
[Site "Maastricht"]
[Date "2008.05.10"]
[Round "2"]
[White "Van Endert, Lynn"]
[Black "Thoma, Sophia"]
[Result "0-1"]
[WhiteElo "1471"]
[BlackElo "1722"]
[PlyCount "74"]
[EventDate "2008.05.09"]
[EventType "swiss"]
[EventRounds "7"]
[EventCountry "NED"]
[Source "P.Boonen"]
[SourceDate "2010.01.01"]

1. d4 e6 2. c4 d5 3. Nc3 Nf6 4. Nf3 Be7 5. Bf4 c6 6. e3 O-O 7. c5 b6 8. b4 a5
9. a3 Bb7 10. h3 Na6 11. Qb1 Qc8 12. Be2 Nd7 13. O-O h6 14. Ne5 Nxe5 15. Bxe5
bxc5 16. bxc5 Nb8 17. Na4 Nd7 18. Bg3 Ba6 19. Re1 Bxe2 20. Rxe2 Qa6 21. Rb2 Ra7
22. Raa2 Bf6 23. Bd6 Re8 24. Nb6 Nxb6 25. Rxb6 Qc8 26. Rb8 Qd7 27. Rab2 Ra8 28.
R2b7 Raxb8 29. Bxb8 Qc8 30. Bc7 g6 31. Qb6 Kg7 32. Qxc6 Re7 33. Qb6 Kh7 34.
Qxa5 Qxb7 35. Qb6 Qxc7 36. Qxc7 Rxc7 37. a4 Ra7 0-1

[Event "ENCI Limburg-open B"]
[Site "Maastricht"]
[Date "2008.05.10"]
[Round "2"]
[White "Van Herck, Raf"]
[Black "Van Steenwinckel, Hugo"]
[Result "1/2-1/2"]
[WhiteElo "1415"]
[BlackElo "1699"]
[PlyCount "34"]
[EventDate "2008.05.09"]
[EventType "swiss"]
[EventRounds "7"]
[EventCountry "NED"]
[Source "P.Boonen"]
[SourceDate "2010.01.01"]

1. e4 e5 2. Nf3 f5 3. Nxe5 Qf6 4. Nc4 fxe4 5. Nc3 Qg6 6. d3 Nf6 7. dxe4 Bb4 8.
Bd2 d6 9. e5 dxe5 10. Nxe5 Qf5 11. Qe2 O-O 12. Qc4+ Be6 13. Qxb4 Qxe5+ 14. Be3
Nbd7 15. Bc4 Ng4 16. Bxe6+ Qxe6 17. O-O Nxe3 1/2-1/2

[Event "ENCI Limburg-open B"]
[Site "Maastricht"]
[Date "2008.05.10"]
[Round "2"]
[White "Van Herck, Rob"]
[Black "Tromp, Sander"]
[Result "1-0"]
[WhiteElo "1516"]
[BlackElo "1791"]
[PlyCount "59"]
[EventDate "2008.05.09"]
[EventType "swiss"]
[EventRounds "7"]
[EventCountry "NED"]
[Source "P.Boonen"]
[SourceDate "2010.01.01"]

1. e4 e5 2. Nf3 Nc6 3. d4 exd4 4. Nxd4 Bc5 5. Be3 Qf6 6. c3 Nge7 7. Bc4 Ne5 8.
Be2 d6 9. O-O O-O 10. Kh1 a6 11. Qd2 h6 12. f4 Ng4 13. Bxg4 Bxg4 14. f5 Bh5 15.
Rf4 Qe5 16. Rh4 g6 17. Bxh6 Rfe8 18. Bg5 Nd5 19. Na3 Nf6 20. Re1 Ng4 21. Nc4
Qg7 22. h3 Ne5 23. Nxe5 dxe5 24. Nb3 Bb6 25. f6 Qf8 26. g4 Rad8 27. Qg2 Rd3 28.
gxh5 Red8 29. hxg6 fxg6 30. f7+ 1-0

[Event "ENCI Limburg-open B"]
[Site "Maastricht"]
[Date "2008.05.10"]
[Round "2"]
[White "Visse, Bernard"]
[Black "Bokern, Paul"]
[Result "1-0"]
[WhiteElo "1518"]
[BlackElo "1268"]
[PlyCount "73"]
[EventDate "2008.05.09"]
[EventType "swiss"]
[EventRounds "7"]
[EventCountry "NED"]
[Source "P.Boonen"]
[SourceDate "2010.01.01"]

1. Nf3 Nc6 2. g3 e5 3. d3 d5 4. Bg2 Nf6 5. Nbd2 Bc5 6. O-O O-O 7. e3 Bg4 8. h3
Bh5 9. Qe1 Qd7 10. Nh2 Bg6 11. a3 Bf5 12. g4 Be6 13. Qe2 h5 14. g5 Nh7 15. Qxh5
Bf5 16. h4 g6 17. Qf3 Rad8 18. b4 Bb6 19. Qg3 f6 20. e4 Be6 21. exd5 Bxd5 22.
Bxd5+ Qxd5 23. gxf6 Rxf6 24. Ne4 Rf7 25. Bh6 Ne7 26. Bg5 Rdf8 27. Bxe7 Rxe7 28.
c4 Bxf2+ 29. Rxf2 Qd4 30. Raf1 Ref7 31. Ng4 Rf3 32. Qxe5 Qxe5 33. Nxe5 Re3 34.
Rf7 Rxf7 35. Rxf7 Re1+ 36. Kf2 Ra1 37. Rxc7 1-0

[Event "ENCI Limburg-open B"]
[Site "Maastricht"]
[Date "2008.05.10"]
[Round "2"]
[White "Wallace, Gavin"]
[Black "Otto, Moritz"]
[Result "1-0"]
[WhiteElo "1605"]
[BlackElo "1210"]
[PlyCount "33"]
[EventDate "2008.05.09"]
[EventType "swiss"]
[EventRounds "7"]
[EventCountry "NED"]
[Source "P.Boonen"]
[SourceDate "2010.01.01"]

1. e4 d6 2. d4 Nf6 3. Nc3 g6 4. f4 Bg7 5. Bc4 c6 6. Nf3 b5 7. Bb3 a5 8. e5 dxe5
9. fxe5 Nh5 10. a3 Bb7 11. g4 b4 12. Ne4 Ra7 13. gxh5 c5 14. Nxc5 Bxf3 15. Qxf3
e6 16. Ba4+ Kf8 17. Nxe6+ 1-0

[Event "ENCI Limburg-open B"]
[Site "Maastricht"]
[Date "2008.05.10"]
[Round "2"]
[White "Werts, Frits"]
[Black "Tuerlinckx, Ben"]
[Result "1-0"]
[WhiteElo "1642"]
[BlackElo "1281"]
[PlyCount "69"]
[EventDate "2008.05.09"]
[EventType "swiss"]
[EventRounds "7"]
[EventCountry "NED"]
[Source "P.Boonen"]
[SourceDate "2010.01.01"]

1. e4 c6 2. d4 d5 3. exd5 cxd5 4. c4 Nf6 5. Nc3 Bg4 6. Qb3 Qc7 7. Nb5 Qd8 8. h3
Bh5 9. g4 Bg6 10. Bg2 Be4 11. Bxe4 Nxe4 12. Ne2 Qa5+ 13. Nbc3 Nd6 14. cxd5 Nd7
15. Bd2 Qb6 16. Qxb6 Nxb6 17. O-O h5 18. Bf4 Nbc8 19. Kg2 g6 20. f3 Bg7 21. Ne4
b6 22. Rac1 Kd7 23. Rc6 Bh6 24. Bxh6 Rxh6 25. Rfc1 hxg4 26. hxg4 Nxe4 27. Rc7+
Kd8 28. fxe4 Nd6 29. e5 Ne4 30. Nf4 g5 31. Nh5 f5 32. exf6 exf6 33. Ng7 Nd6 34.
Ne6+ Ke8 35. Rg7 1-0

[Event "ENCI Limburg-open B"]
[Site "Maastricht"]
[Date "2008.05.10"]
[Round "2"]
[White "Willen, Ronny"]
[Black "Rahangmetan, Derek Jan"]
[Result "1-0"]
[WhiteElo "1812"]
[BlackElo "1507"]
[PlyCount "41"]
[EventDate "2008.05.09"]
[EventType "swiss"]
[EventRounds "7"]
[EventCountry "NED"]
[Source "P.Boonen"]
[SourceDate "2010.01.01"]

1. e4 e5 2. Nf3 Nc6 3. Bb5 d6 4. d4 Bd7 5. O-O a6 6. Bxc6 Bxc6 7. dxe5 Bxe4 8.
Re1 d5 9. Nbd2 Bg6 10. Nb3 Ne7 11. Bg5 h6 12. Bh4 Bh5 13. Qd3 g5 14. Bg3 Bg7
15. Rad1 Bg6 16. Qe2 Nc6 17. c3 O-O 18. Nbd4 Na5 19. e6 Qe7 20. Ne5 f6 21. Nxg6
1-0

[Event "ENCI Limburg-open B"]
[Site "Maastricht"]
[Date "2008.05.10"]
[Round "2"]
[White "Wissink, Sander"]
[Black "Spoelstra, Henri"]
[Result "1-0"]
[WhiteElo "1894"]
[BlackElo "1739"]
[PlyCount "55"]
[EventDate "2008.05.09"]
[EventType "swiss"]
[EventRounds "7"]
[EventCountry "NED"]
[Source "P.Boonen"]
[SourceDate "2010.01.01"]

1. e4 d6 2. d4 Nf6 3. Nc3 g6 4. Be3 Bg7 5. f3 c6 6. Bd3 b5 7. Qd2 Qc7 8. a3 a6
9. Qf2 Nbd7 10. Nce2 Bb7 11. Nh3 Rb8 12. O-O c5 13. c3 Ba8 14. Qh4 Qb7 15. Bh6
Bxh6 16. Qxh6 Rg8 17. Ng5 Kd8 18. Nxf7+ Kc7 19. Nf4 g5 20. Nxg5 Kb6 21. Nge6
Nf8 22. a4 Nxe6 23. Nxe6 c4 24. axb5 axb5 25. d5 Nd7 26. Qe3+ Nc5 27. b4 cxb3
28. Rfb1 1-0

[Event "ENCI Limburg-open B"]
[Site "Maastricht"]
[Date "2008.05.10"]
[Round "3"]
[White "Bamberger, Alberto"]
[Black "Sanders, Catheleijne"]
[Result "1/2-1/2"]
[WhiteElo "1620"]
[BlackElo "1285"]
[PlyCount "72"]
[EventDate "2008.05.09"]
[EventType "swiss"]
[EventRounds "7"]
[EventCountry "NED"]
[Source "P.Boonen"]
[SourceDate "2010.01.01"]

1. Nc3 e5 2. d3 Nc6 3. g3 Nf6 4. Bg2 Bc5 5. Ne4 Nxe4 6. Bxe4 d5 7. Bg2 Be6 8.
Nf3 h6 9. O-O O-O 10. c3 Qd7 11. b4 Bd6 12. a4 a6 13. Bd2 e4 14. dxe4 dxe4 15.
Nd4 Nxd4 16. cxd4 Bh3 17. e3 Bxg2 18. Kxg2 Rfe8 19. Qb3 Re6 20. b5 c6 21. bxc6
Qxc6 22. d5 Qd7 23. dxe6 fxe6 24. Bb4 Bxb4 25. Qxb4 Qc6 26. Rfc1 Qd5 27. Rab1
Rf8 28. Qxb7 Qf5 29. Rb2 Qg4 30. Rc7 Qf3+ 31. Kg1 Qd1+ 32. Kg2 Qf3+ 33. Kh3
Qh5+ 34. Kg2 Qf3+ 35. Kf1 Qd1+ 36. Kg2 Qf3+ 1/2-1/2

[Event "ENCI Limburg-open B"]
[Site "Maastricht"]
[Date "2008.05.10"]
[Round "3"]
[White "Boer, Jan"]
[Black "Ingelaere, Arthur"]
[Result "1-0"]
[WhiteElo "1578"]
[BlackElo "986"]
[PlyCount "32"]
[EventDate "2008.05.09"]
[EventType "swiss"]
[EventRounds "7"]
[EventCountry "NED"]
[Source "P.Boonen"]
[SourceDate "2010.01.01"]

1. d4 Nf6 2. c4 g6 3. Nc3 Bg7 4. e4 d6 5. f4 Bg4 6. Qb3 b6 7. h3 Bd7 8. Be2 O-O
9. e5 Ne8 10. Bf3 Nc6 11. Be3 dxe5 12. fxe5 f6 13. e6 Bc8 14. Bxc6 Rb8 15. d5
Nd6 16. c5 Nf5 {.....} 1-0

[Event "ENCI Limburg-open B"]
[Site "Maastricht"]
[Date "2008.05.10"]
[Round "3"]
[White "Bokern, Peter"]
[Black "De Lange, Gerard"]
[Result "0-1"]
[WhiteElo "1378"]
[BlackElo "1611"]
[PlyCount "70"]
[EventDate "2008.05.09"]
[EventType "swiss"]
[EventRounds "7"]
[EventCountry "NED"]
[Source "P.Boonen"]
[SourceDate "2010.01.01"]

1. e4 c5 2. Nf3 Nc6 3. d4 cxd4 4. Nxd4 e5 5. Nb3 Nf6 6. Nc3 Be7 7. Bc4 d6 8.
O-O O-O 9. Bg5 Be6 10. Bxe6 fxe6 11. Qd2 Qb6 12. Be3 Qd8 13. Rad1 a6 14. f4 Ng4
15. f5 exf5 16. exf5 Nxe3 17. Qxe3 Qd7 18. Qe4 b5 19. Nd5 Qa7+ 20. Kh1 Rad8 21.
Qg4 Bf6 22. Rf3 Ne7 23. Nxf6+ Rxf6 24. c4 Nxf5 25. Rxf5 Rg6 26. Qe4 bxc4 27.
Qxc4+ Kh8 28. Rxe5 Qb6 29. Red5 Qf2 30. R5d2 Qf6 31. Qxa6 h5 32. Na5 Qg5 33.
Nb7 Re8 34. Re2 Ree6 35. Rxe6 Qxg2# 0-1

[Event "ENCI Limburg-open B"]
[Site "Maastricht"]
[Date "2008.05.10"]
[Round "3"]
[White "Braam, Marco"]
[Black "Rodriguez, Abelardo"]
[Result "1-0"]
[WhiteElo "1590"]
[BlackElo "1214"]
[PlyCount "103"]
[EventDate "2008.05.09"]
[EventType "swiss"]
[EventRounds "7"]
[EventCountry "NED"]
[Source "P.Boonen"]
[SourceDate "2010.01.01"]

1. e4 e6 2. d4 d5 3. exd5 exd5 4. Nf3 Nf6 5. Bg5 Be7 6. Be2 O-O 7. O-O Bf5 8.
Nc3 c6 9. Ne5 Nbd7 10. f4 Ne4 11. Nxe4 Bxe4 12. Bxe7 Qxe7 13. Bd3 f5 14. Be2
Rf6 15. Bh5 Rh6 16. a4 Nxe5 17. fxe5 Qh4 18. Bf3 Qxh2+ 19. Kf2 f4 20. Ke1 Rg6
21. Kf2 h5 22. Ra3 h4 23. Rg1 h3 24. Bxe4 Rg3 25. Bf3 hxg2 26. Rxg2 Qh4 27. Kg1
Rh3 28. Bxd5+ cxd5 29. Rxh3 Qxh3 30. Qg4 Qxg4 31. Rxg4 Rf8 32. Kf2 Kh7 33. Kf3
Rg8 34. Rxf4 g5 35. Rf7+ Rg7 36. Rxg7+ Kxg7 37. Kg4 Kg6 38. b3 a5 39. c4 dxc4
40. bxc4 Kf7 41. d5 Ke7 42. Kxg5 b6 43. Kf5 Kd7 44. e6+ Kd6 45. Kf6 Kc5 46. e7
Kxc4 47. e8=Q Kb4 48. Qb5+ Ka3 49. d6 Ka2 50. d7 Ka3 51. d8=Q Ka2 52. Qd2+ 1-0

[Event "ENCI Limburg-open B"]
[Site "Maastricht"]
[Date "2008.05.10"]
[Round "3"]
[White "Brixius, Dirk"]
[Black "Coenjaerts, Rene"]
[Result "1/2-1/2"]
[WhiteElo "1839"]
[BlackElo "1696"]
[PlyCount "71"]
[EventDate "2008.05.09"]
[EventType "swiss"]
[EventRounds "7"]
[EventCountry "NED"]
[Source "P.Boonen"]
[SourceDate "2010.01.01"]

1. c4 e5 2. g3 Nf6 3. Bg2 d5 4. cxd5 Nxd5 5. Nc3 c6 6. Nf3 Bd6 7. O-O O-O 8. e4
Nf6 9. h3 h6 10. d4 exd4 11. Nxd4 Qe7 12. Qc2 Be6 13. Be3 Nbd7 14. b3 Bb4 15.
Na4 Rfc8 16. f4 c5 17. Nxe6 Qxe6 18. a3 Ba5 19. Rfd1 Rab8 20. e5 Ne8 21. Kh2 b5
22. Nxc5 Qe7 23. b4 Bb6 24. Rac1 Rc7 25. Bd5 Rbc8 26. Qd2 Nxc5 27. Bxc5 Bxc5
28. bxc5 Rxc5 29. Rxc5 Rxc5 30. Qa2 Qc7 31. Rd2 Rc3 32. Re2 Kf8 33. e6 fxe6 34.
Bxe6 Rc1 35. Qd2 Qc6 36. Bd5 1/2-1/2

[Event "ENCI Limburg-open B"]
[Site "Maastricht"]
[Date "2008.05.10"]
[Round "3"]
[White "Callebaut, Giovanni"]
[Black "De Vries, Paul"]
[Result "0-1"]
[WhiteElo "1047"]
[BlackElo "1495"]
[PlyCount "78"]
[EventDate "2008.05.09"]
[EventType "swiss"]
[EventRounds "7"]
[EventCountry "NED"]
[Source "P.Boonen"]
[SourceDate "2010.01.01"]

1. e4 d6 2. Bc4 e5 3. Nf3 Be7 4. d3 Nf6 5. Ng5 O-O 6. Bxf7+ Rxf7 7. Nxf7 Kxf7
8. b3 Nc6 9. Qf3 Nd4 10. Qd1 Qf8 11. Bb2 Ne6 12. Qf3 Kg8 13. Nd2 Ng5 14. Qe3
Ng4 15. Qg3 Be6 16. O-O-O Qxf2 17. Nf1 Qxg3 18. Nxg3 Nf2 19. Rhf1 Nxd1 20. Rxd1
Rf8 21. Bc3 Nf7 22. Rf1 Nh6 23. Rxf8+ Kxf8 24. Nf5 Nxf5 25. exf5 Bxf5 26. Bd2
Kf7 27. g3 Kg6 28. h4 Kh5 29. Bg5 Bxg5+ 30. hxg5 Kxg5 31. a4 Kg4 32. c4 Bxd3
33. a5 Kxg3 34. Kd2 Bf5 35. b4 h5 36. b5 b6 37. a6 h4 38. c5 h3 39. cxb6 cxb6
0-1

[Event "ENCI Limburg-open B"]
[Site "Maastricht"]
[Date "2008.05.10"]
[Round "3"]
[White "Cox, Maud"]
[Black "Neve, Peter"]
[Result "0-1"]
[WhiteElo "1295"]
[BlackElo "1636"]
[PlyCount "62"]
[EventDate "2008.05.09"]
[EventType "swiss"]
[EventRounds "7"]
[EventCountry "NED"]
[Source "P.Boonen"]
[SourceDate "2010.01.01"]

1. e4 d5 2. exd5 Qxd5 3. Nc3 Qd6 4. Nf3 Nf6 5. d4 Bf5 6. Nb5 Qb4+ 7. Bd2 Qa4 8.
Nxc7+ Kd8 9. Nxa8 Nc6 10. b3 Qa3 11. Bf4 Nd5 12. Ng5 Bg6 13. Bd3 Nxf4 14. Bxg6
Qa5+ 15. Kf1 Qxg5 16. Be4 e6 17. g3 Nd5 18. h4 Qf6 19. Bxd5 exd5 20. Qd2 Bd6
21. Rg1 Kd7 22. Qd3 Rxa8 23. Qb5 Kc7 24. Qxd5 Rd8 25. Qb5 Qxd4 26. Kg2 Bc5 27.
Qc4 Qxf2+ 28. Kh3 Qf5+ 29. g4 Qd5 30. Qf4+ Bd6 31. Qc4 Qf3+ 0-1

[Event "ENCI Limburg-open B"]
[Site "Maastricht"]
[Date "2008.05.10"]
[Round "3"]
[White "Cromsigt, Jeroen"]
[Black "Marcoen, Tom"]
[Result "1-0"]
[WhiteElo "1860"]
[BlackElo "1384"]
[PlyCount "51"]
[EventDate "2008.05.09"]
[EventType "swiss"]
[EventRounds "7"]
[EventCountry "NED"]
[Source "P.Boonen"]
[SourceDate "2010.01.01"]

1. e4 d5 2. d4 dxe4 3. Nc3 Nf6 4. f3 exf3 5. Nxf3 Bg4 6. h3 Bh5 7. g4 Bg6 8.
Ne5 e6 9. Bg2 c6 10. h4 h6 11. Nxg6 fxg6 12. Qd3 Qd7 13. g5 hxg5 14. Bxg5 Qf7
15. O-O Nbd7 16. Be4 Qe7 17. Bxg6+ Kd8 18. Rae1 Kc8 19. Bf5 Qb4 20. Rxe6 Kc7
21. a3 Qa5 22. b4 Qa6 23. b5 Qxa3 24. bxc6 bxc6 25. Qc4 c5 26. Nb5+ 1-0

[Event "ENCI Limburg-open B"]
[Site "Maastricht"]
[Date "2008.05.10"]
[Round "3"]
[White "Daamen, Roland"]
[Black "Begri, Felix"]
[Result "1-0"]
[WhiteElo "1647"]
[BlackElo "1365"]
[PlyCount "55"]
[EventDate "2008.05.09"]
[EventType "swiss"]
[EventRounds "7"]
[EventCountry "NED"]
[Source "P.Boonen"]
[SourceDate "2010.01.01"]

1. e4 Nf6 2. e5 Nd5 3. d4 d6 4. Nf3 Nc6 5. c4 Nb6 6. e6 fxe6 7. Ng5 Nd7 8. Nxe6
Nf6 9. Nxd8 Nxd8 10. Be2 Bf5 11. Nc3 Nc6 12. O-O Nb4 13. Qa4+ Nc6 14. d5 Bd7
15. dxc6 Bxc6 16. Qc2 O-O-O 17. Nb5 a6 18. Na7+ Kd7 19. Bg4+ e6 20. Nxc6 bxc6
21. Re1 Nxg4 22. Qe4 Ne5 23. f4 Re8 24. fxe5 dxe5 25. Rd1+ Kc8 26. Qxc6 Bd6 27.
c5 Be7 28. Qa8# 1-0

[Event "ENCI Limburg-open B"]
[Site "Maastricht"]
[Date "2008.05.10"]
[Round "3"]
[White "De Boer, Guus"]
[Black "Mollema, Thomas"]
[Result "1-0"]
[WhiteElo "1673"]
[BlackElo "1422"]
[PlyCount "101"]
[EventDate "2008.05.09"]
[EventType "swiss"]
[EventRounds "7"]
[EventCountry "NED"]
[Source "P.Boonen"]
[SourceDate "2010.01.01"]

1. e4 e5 2. Nf3 Nc6 3. Bc4 Bc5 4. O-O d6 5. h3 Nf6 6. d3 O-O 7. Nc3 Be6 8. Nd5
h6 9. a3 Nd4 10. b4 Bb6 11. Nxb6 Nxf3+ 12. Qxf3 axb6 13. Bxe6 fxe6 14. Qg3 Kh8
15. c4 c5 16. Bd2 Qc7 17. Bc3 Nh5 18. Qe3 Nf4 19. Kh2 Rf6 20. g3 Ng6 21. f3
Raf8 22. Ra2 Qd7 23. b5 Kh7 24. Kg2 Ne7 25. h4 h5 26. Raf2 Rg6 27. Qe2 Ra8 28.
Bb2 Ng8 29. Bc1 Qe7 30. Kh3 Nh6 31. Rg2 Qd8 32. g4 hxg4+ 33. fxg4 Rf6 34. Bg5
Rxf1 35. Bxd8 Rh1+ 36. Rh2 Rxh2+ 37. Kxh2 Rxd8 38. g5 Nf7 39. Qh5+ Kg8 40. g6
Nh6 41. Qg5 Re8 42. Kg3 Kh8 43. a4 Kg8 44. Kf3 Kh8 45. Ke3 Kg8 46. Kd2 Rf8 47.
Qe7 Rf2+ 48. Kc3 Ng4 49. Qxe6+ Kh8 50. Qe8+ Rf8 51. Qxf8# 1-0